| 000 | 00395nam a22001697a 4500 | ||
|---|---|---|---|
| 003 | MPLRDC | ||
| 005 | 20220104163540.0 | ||
| 008 | 210129b ||||| |||| 00| 0 eng d | ||
| 082 | _a870.5 TCV v.4 | ||
| 100 | _aROBERT REGAN | ||
| 245 |
_aPOE _c |
||
| 260 |
_a _bPRENTICE-HALL, INC. _c |
||
| 300 | _b平 | ||
| 490 | _aTWENTIETH CENTURY VIEWS | ||
| 650 | _aFICTION | ||
| 942 |
_cBK _o870.5 TCV v.4 |
||
| 999 |
_c56517 _d56507 |
||